|
|
|
|
| LEADER |
01829nam a2200421 a 4500 |
| 001 |
33370 |
| 003 |
BD-DhAAL |
| 005 |
20250624123323.0 |
| 008 |
180714t1999 dcua b 001 0 eng |
| 010 |
|
|
|a 98058140
|
| 020 |
|
|
|a 0815760817 (pbk. : alk. paper)
|
| 035 |
|
|
|a MITb10883254
|
| 035 |
|
|
|a (OCoLC)40543012
|
| 040 |
|
|
|a DLC
|c DLC
|d MYG
|d BD-DhAAL
|
| 042 |
|
|
|a pcc
|
| 043 |
|
|
|a n-us---
|a e------
|
| 049 |
|
|
|a MYGG
|
| 050 |
0 |
0 |
|a HT384.U5
|b N58 1999
|
| 082 |
0 |
0 |
|a 307.760973
|2 21
|
| 100 |
1 |
|
|a Nivola, Pietro S.
|9 27206
|
| 245 |
1 |
0 |
|a Laws of the landscape :
|b how policies shape cities in Europe and America /
|c Pietro S. Nivola.
|
| 260 |
|
|
|a Washington, D.C. :
|b Brookings Institution,
|c c1999.
|
| 300 |
|
|
|a xiii, 126 pages :
|b illustrations ;
|c 23 cm.
|
| 490 |
1 |
|
|a Brookings metro series
|
| 504 |
|
|
|a Includes bibliographical references and index.
|
| 505 |
0 |
|
|a 1. Introduction -- 2. Big and turbulent -- 3. The not-so-invisible hand -- 4. So what? -- 5. Shopworn solutions -- 6. Eight suggestions -- 7. Summing up.
|
| 526 |
|
|
|a ARC
|
| 541 |
|
|
|a Department of Architecture
|e 33370
|
| 650 |
|
0 |
|a Cities and towns
|z United States
|x Growth.
|9 27207
|
| 650 |
|
0 |
|a Urbanization
|z United States.
|9 27208
|
| 650 |
|
0 |
|a Suburbs
|z United States.
|9 27209
|
| 650 |
|
0 |
|a Cities and towns
|z Europe
|x Growth.
|9 27210
|
| 650 |
|
0 |
|a Urbanization
|z Europe.
|9 27211
|
| 830 |
|
|
|a Brookings metro series
|9 58530
|
| 852 |
|
|
|a Department of Architecture
|c General Stacks
|
| 942 |
|
|
|2 ddc
|c BK
|
| 999 |
|
|
|c 39750
|d 39750
|
| 952 |
|
|
|0 0
|1 1
|2 ddc
|4 0
|6 307_760973000000000_NIV
|7 0
|9 63778
|a ARC
|b ARC
|c GEN
|d 2018-07-14
|e Department of Architecture
|l 0
|o 307.760973 NIV
|p 3010033370
|r 2018-07-14
|t 1
|w 2018-07-14
|y BK
|x lost from the ARC department library and approved by the Dean (reasons personal books withdrawn by Hasibul Kabir Sir and Building shifting)
|